书目信息 |
| 题名: |
汽车新能源与节能技术
|
|
| 作者: | 邵毅明 主编 | |
| 分册: | ||
| 出版信息: | 北京 人民交通出版社 2016.03 |
|
| 页数: | 250页 | |
| 开本: | 27cm | |
| 丛书名: | ||
| 单 册: | ||
| 中图分类: | U471.23 | |
| 科图分类: | ||
| 主题词: | 汽车节油--qi che jie you--高等学校--教材 | |
| 电子资源: | ||
| ISBN: | 978-7-114-12636-9 | |
| 000 | 00925nam0 2200253 450 | |
| 001 | 0109110248 | |
| 005 | 20201109150545.05 | |
| 010 | @a978-7-114-12636-9@dCNY36.00 | |
| 100 | @a20160421e20172016em y0chiy50 ea | |
| 101 | 0 | @achi |
| 102 | @aCN@b110000 | |
| 105 | @aa z 000yy | |
| 106 | @ar | |
| 200 | 1 | @a汽车新能源与节能技术@Aqi che xin neng yuan yu jie neng ji shu@f邵毅明主编 |
| 205 | @a2版 | |
| 210 | @a北京@c人民交通出版社@d2016.03@h2017.11 | |
| 215 | @a250页@c图@d27cm | |
| 300 | @a“十二五”普通高等教育汽车服务工程专业规划教材 | |
| 330 | @a本书阐述了能源的定义及分类,分析了节能的意义、原理与途径;详细介绍了汽车发动机、底盘、车身最新节能技术;燃油、润滑油的正确选用;替代能源的种类以及动力装置的结构、原理。 | |
| 606 | 0 | @a汽车节油@Aqi che jie you@x高等学校@j教材 |
| 690 | @aU471.23@v5 | |
| 701 | 0 | @a邵毅明@Ashao yi ming@4主编 |
| 801 | 0 | @aCN@bBJSZM@c20201103 |
| 905 | @b1242087-90@dU471.23@e963=2@f4 | |
| 汽车新能源与节能技术/邵毅明主编.-2版.-北京:人民交通出版社,2016.03(2017.11) |
| 250页:图;27cm |
| “十二五”普通高等教育汽车服务工程专业规划教材 |
| ISBN 978-7-114-12636-9:CNY36.00 |
| 本书阐述了能源的定义及分类,分析了节能的意义、原理与途径;详细介绍了汽车发动机、底盘、车身最新节能技术;燃油、润滑油的正确选用;替代能源的种类以及动力装置的结构、原理。 |
| ● |
| 相关链接 |
|
|
|
|
正题名:汽车新能源与节能技术
索取号:U471.23/963=2
 
预约/预借
| 序号 | 登录号 | 条形码 | 馆藏地/架位号 | 状态 | 备注 |
| 1 | 1242087 | 212420879 | 第二样本阅览室/ [索取号:U471.23/963=2] | 在馆 | |
| 2 | 1242088 | 212420888 | 第三借阅区/ [索取号:U471.23/963=2] | 在馆 | |
| 3 | 1242089 | 212420897 | 第三借阅区/ [索取号:U471.23/963=2] | 在馆 | |
| 4 | 1242090 | 212420904 | 第三借阅区/ [索取号:U471.23/963=2] | 在馆 |